| 000 | 01577nam a22003377i 4500 | ||
|---|---|---|---|
| 003 | EG-GICUC | ||
| 005 | 20260414132543.0 | ||
| 008 | 140323s2001####ua#####fr#####000#0#ara#c | ||
| 017 | _a2001/18218 | ||
| 020 | _a977-04-3656-6 | ||
| 040 |
_a EG-GICUC _bara _c EG-GICUC _d EG-GICUC _erda |
||
| 041 | 0 | _aara | |
| 082 | 0 | 4 |
_221 _a341.851 _bح س . ق |
| 092 | 0 | 4 | _221 |
| 099 | _aLaw1 12 341.851 ح س . ق 2001 | ||
| 100 | 0 |
_aحسام الدين فتحي ناصف _eAuthor. |
|
| 245 | 1 | 0 |
_aقاعدة منع قضاء الدولة من نظر موضوع المنازعة المتفق بشأنها على التحكيم وقيود تطبيقها : _bدراسة لدور الإرادة فى تطبيق القاعدة وطبيعتها ومجالها والقانون الواجب التطبيق على وسائل إعمالها وقيود تطبيقها فى ضوء أحكام الاتفاقيات الدولية وتشريعات وقضاء التحكيم / _cحسام الدين فتحي ناصف |
| 264 | 1 |
_aالقاهره : _bدار النهضة العربية، _c2001. |
|
| 300 |
_a160 ؛ صفحة _c24 سم |
||
| 336 |
_2rda content _atext |
||
| 337 |
_2rda media _aComputer |
||
| 338 |
_2rda carrier _aOnline Resource |
||
| 504 | _aيشتمل على إرجاعات ببليواجرافية. | ||
| 546 | _aالنص باللغة العربية | ||
| 650 | 1 | 4 | _aالإتفاقيات الدولية. |
| 650 | 1 | 4 | _aالتحكيم |
| 650 | 1 | 4 | _aالاحكام |
| 856 | 4 | 0 | _uhttps://fll.law.cu.edu.eg/fulltext/bks/B12-02987.pdf |
| 905 | _a30 | ||
| 942 |
_2ddc _cBK _e21 _n0 |
||
| 999 |
_c70915 _d70915 |
||